| 000 | 004740000a22001690004500 | ||
|---|---|---|---|
| 003 | MACL | ||
| 005 | 20150731125958.0 | ||
| 008 | 150731b xxu||||| |||| 00| 0 eng d | ||
| 040 |
_aMACL _cMACL |
||
| 041 | _aEnglish | ||
| 082 | _a350/RAN | ||
| 100 |
_aRanganathananda, Swami _9873 |
||
| 245 | _aThe Administrator In A Welfare State | ||
| 260 |
_bThe Ramakrishna Mission Institute Of Culture _c1966 _aCalcutta |
||
| 650 |
_aPublic Administration _93731 |
||
| 942 |
_cBK _k350 _2ddc |
||
| 999 |
_c7063 _d7063 |
||